| 000 | 01385cam a22003857a 4500 | ||
|---|---|---|---|
| 003 | CHAP | ||
| 005 | 20220329134811.0 | ||
| 008 | 971013d1985 tw a r 10010 eng d | ||
| 010 | _a26171 | ||
| 011 | _a27143 | ||
| 035 | _a31244 | ||
| 040 | _cCHAP | ||
| 082 |
_a338.16 _bI5 |
||
| 111 | 0 | 0 |
_aInternational Symposium Alternative Sources of Energy for Agriculture _d(1984 : _cTainan, Taiwan) _959857 |
| 245 | 1 | 0 |
_aProceedings _c/by Food and Fertilizer Technology Center for the Asian and Pacific Region |
| 260 |
_aTaiwan : _bASPAC, _c1985 |
||
| 300 |
_a453 p. _b: ilus. ; gráfs |
||
| 490 | 0 |
_aFFTC. Book series _v; 28 |
|
| 590 |
_aBATCH-UPD _b10 _c20130110 _lUCH01 _h1345 |
||
| 590 |
_aBATCH-UPD _b10 _c20130410 _lUCH01 _h0844 |
||
| 590 |
_aBATCH-UPD _b10 _c20130914 _lUCH01 _h0632 |
||
| 590 |
_aCONVERSION _b10 _c20130109 _lUCH01 _h1315 |
||
| 650 | 1 | 4 |
_aBiogas. _912740 |
| 650 | 1 | 4 |
_aDigestores. _932569 |
| 650 | 1 | 4 |
_aEnergía eólica. _936903 |
| 650 | 1 | 4 |
_aEnergía geotérmica. _936904 |
| 650 | 1 | 4 |
_aEnergía solar. _936911 |
| 650 | 1 | 4 |
_aEnergía y agricultura. _936915 |
| 710 | 0 |
_aFood and Fertilizer Technology Center. Taiwan. _942179 |
|
| 830 | 0 |
_aFFTC. Book series _v; 28 _940685 |
|
| 901 | _aBK | ||
| 942 | _cLIBRO | ||
| 949 |
_a338.16 I5 _bBC _cLIBRO _d33724000155693 _eLIBRO _fc.2 _h78739 _i31244 _mD _si |
||
| 949 |
_a338.16 I5 _bBC _cLIBRO _d33724000155701 _eLIBRO _h65680 _i31244 _mD _si |
||
| 999 |
_c26171 _d26171 |
||